|
|
|
|
| LEADER |
01688nam a2200337 a 4500 |
| 001 |
4000659 |
| 008 |
091003s1999 dcua b i000 0 eng d |
| 010 |
|
|
|a \\\96049740
|
| 020 |
|
|
|a 0821338471
|
| 020 |
|
|
|a 0821338501 (set)
|
| 040 |
|
|
|a DLC
|c DLC
|d DLC
|
| 082 |
0 |
0 |
|a 362.5/09173/2
|2 21
|
| 100 |
1 |
|
|a Moser, Caroline O. N.
|
| 245 |
1 |
0 |
|a Household responses to poverty and vulnerability /
|c Caroline Moser.
|
| 260 |
|
|
|a Washington, D.C. :
|b Published for the Urban Management Programme by World Bank,
|c c1997-
|
| 300 |
|
|
|a viii, 146 p. :
|b ill. ;
|c 28 cm.
|
| 362 |
0 |
|
|a Vol. 1
|
| 490 |
1 |
|
|a Urban Management Programme,
|x 1020-0215 ;
|v 21, <23-24 >
|
| 504 |
|
|
|a Includes bibliographical references.
|
| 505 |
1 |
|
|a v. 1. Confronting crisis in Cisne Dos, Guayaquil, Ecuador / Caroline Moser -- v. 3. Confronting crisis in Commonwealth, Metro Manila, Philippines / Caroline Moser, Cathy McIlwaine -- v. 4. Confronting crisis in Chawama, Lusaka, Zambia / Caroline Moser, Jeremy Holland.
|
| 541 |
1 |
|
|e 00007137
|
| 650 |
|
0 |
|a Urban poor
|x Case studies.
|
| 650 |
|
0 |
|a Urban poor
|x Housing
|x Case studies.
|
| 650 |
|
0 |
|a Informal sector (Economics)
|x Case studies.
|
| 700 |
1 |
|
|a McIlwaine, Cathy,
|d 1965-
|
| 700 |
1 |
|
|a Holland, Jeremy,
|d 1966-
|
| 830 |
|
0 |
|a Urban Management Program (Series) ;
|v 21, etc.
|
| 852 |
4 |
|
|a Ayesha Abed Library
|j General shelf
|
| 999 |
|
|
|c 8095
|d 8095
|
| 952 |
|
|
|0 0
|1 0
|2 ddc
|4 0
|6 362_509173200000000_MOS_1997
|7 0
|9 9217
|a BRACUL
|b BRACUL
|c GEN
|d 2010-04-13
|l 0
|o 362.5091732 MOS
|p 3010007137
|r 2010-04-13
|t 1
|w 2010-04-13
|y BK
|
| 952 |
|
|
|0 0
|1 0
|2 ddc
|4 0
|6 362_509173200000000_MOS_1997
|7 0
|9 9218
|a BRACUL
|b BRACUL
|c GEN
|d 2010-04-13
|l 0
|o 362.5091732 MOS
|p 3010007138
|r 2010-04-13
|t 2
|w 2010-04-13
|y BK
|